01451nam a2200457 i 450000100060000000300090000600500170001500800390003201500190007102000150009003500230010503500360012803500140016403500210017803500160019903500230021503500440023804000280028204100080031004600090031808000160032708000150034310000370035824500680039525000490046326000360051230000340054833600270058233700540060933800280066338000160069138800100070750400360071764800100075365000280076365000190079165100110081065800370082171000370085885600980089540431KOSZ 00520220603123015.0011119s2001 pl a |001 0 pol aUWD 2001/18731 a8373330453 a991017231259705066 a(PL-WaBN)b14653539-48omnis_nlop ab14653539 a(OCoLC)297756698 axx001227772 a(PL)b0000001465353 a(EXLNZ-48OMNIS_NETWORK)9910431847105606 aWA NcWA NdKOSZ 005/HR0 apol k2001 a347.72(438) a(094.4.07)1 aKidyba, Andrzejd(1957- )eAutor10aKodeks spółek handlowych :bobjaśnienia /cAndrzej Kidyba. aWyd. 2, stan prawny na 15 września 2001 r. aKraków :b"Zakamycze",c2001. a989, [1] s. :berr. ;c22 cm. aTekstbtxt2rdacontent aBez urządzenia pośredniczącegobn2rdamedia aWoluminbnc2rdacarrier aKsiążki a2001- aBibliogr. przy rozdz. - Indeks. a2001- 7aSpółki handlowe2DBN 7aPrawo handlowe 7aPolska aPrawo i wymiar sprawiedliwości2 aKantor Wydawniczy Zakamycze4pbl uhttp://koha.tu.koszalin.pl/cgi-bin/koha/opac-detail.pl?biblionumber=40431yKatalog online BPK